00608nam a2200145Ia 4500008004100000100002100041245019900062245008000261260003500341260000900376300002500385500000900410650002300419650002000442170224s9999 xx 000 0 und d aRobert S. Hinck, aInterpreting and shaping geopolitics in Chinese media: the discourse of the ‘New style of great power relations’ Robert S. Hinck, Jacquelyn N. Manly, Randolph A. Kluver & William J. Norris  cRobert S. Hinck, Jacquelyn N. Manly, Randolph A. Kluver & William J. Norris bAsian Journal of Communication c2016 a26:5, Pages: 427-445 a2016 xCommunication Arts xMultimedia Arts